| 000 | 00367 a2200157 4500 | ||
|---|---|---|---|
| 001 | 44662 | ||
| 020 | _a8599007211 | ||
| 040 | _cAnchieta - Aquarius | ||
| 100 | _aGouveia, Luis Augusto | ||
| 240 | 1 | 0 |
_aLivro, livro e mais livro _lpor |
| 245 | 1 | 0 | _aLivro, livro e mais livro |
| 300 | _a24p. | ||
| 362 | 0 | _a2005 | |
| 650 | 4 | _aLiteratura infanto-juvenil | |
| 942 | _cBK | ||
| 999 |
_c44662 _d44662 |
||